Nápad za milión prečo sa niektoré nápady uchytia, kým iné zaniknú

Na minha lista:
Detalhes bibliográficos
Autor principal: Heath, Chip
Outros Autores: Heath, Dan
Formato: Livro
Idioma:eslovaco
Publicado em: Bratislava Eastone Books 2010
Colecção:Business Class
Assuntos:
Tags: Adicionar Tag
Sem tags, seja o primeiro a adicionar uma tag!

MARC

LEADER 00000nam a2200000 4500
001 0175544
005 20231215112045.0
020 |a 978-80-8109-123-0 
041 0 |a slo 
044 |a SK 
245 1 0 |a Nápad za milión  |b prečo sa niektoré nápady uchytia, kým iné zaniknú  |c Chip Heath, Dan Heath 
264 1 |a Bratislava  |b Eastone Books  |c 2010 
300 |a 219 s. 
490 1 |a Business Class 
830 0 |a Business Class 
610 2 0 |a prezentácia 
610 2 0 |a persuázia 
610 2 0 |a reklama 
100 1 |a Heath, Chip 
700 1 |a Heath, Dan